Bellevue

Bibliographic Details
Main Author: Dobrakovová, Ivana, 1982- (Author)
Other Authors: Zającówna, Izabela, 1973- (tlr)
Format: Book
Language:Polish
Slovak
PhysicalDescription:286 s. 20 cm
Published: Wrocław Słowackie Klimaty 2013
ISBN:9788364166013
Subjects:

MARC

LEADER 00000nam a2200000 a 4500
001 vtls011700055
003 SK-MaSNL
005 20260301045221.0
008 240313s2013 pl g 000 f pol
015 |a SNBZSA2017/08 
020 |a 9788364166013  |q (brožované) 
035 |a urn:nbn:sk:snk-am00djv0 
035 |a urn:nbn:sk:snk-am3i4kt 
035 |a DAF05D93-FF5D-4DF5-B197-C18E8BFDFC61 
040 |a SNK  |b slo  |c SNK  |e AACR2 
041 1 |a pol  |h slo 
044 |a pl  |c PL 
072 7 |a 821.162.4-3  |x Slovenská próza  |2 konspekt 
080 |a 821.162.4-31  |2 2011 
100 1 |a Dobrakovová, Ivana,  |d 1982-  |4 aut  |9 107727 
240 1 0 |a Bellevue  |l Poľsky 
245 1 0 |a Bellevue  |c [Ivana Dobrakovová] ; przełożuła: Izabela Zając 
260 |a Wrocław  |b Słowackie Klimaty  |c 2013 
300 |a 286 s.  |c 20 cm 
655 7 |a slovenské romány  |2 SNKPH  |9 70324 
655 7 |a Slovak fiction  |2 SNKPHeng  |9 277096 
700 1 |a Zającówna, Izabela,  |d 1973-  |4 tlr  |9 352923 
919 |a 978-83-64166-01-3 
958 |a ZS 
958 |a NB 
999 |c 597821  |d 599751 
952 |a SNK  |b SNK  |y PREZ  |7 0  |p 17A1269505  |o snkSD 86448  |i snk2017/16872  |8 2  |g 9.42  |0 0  |1 0  |4 0  |d 2017-06-29  |f 1  |l 0  |r 2026-02-23 15:44:57  |w 2026-02-23